Уча се да помагам (Запис номер 475257)
[ съкратено ]
| 000 -Лидер | |
|---|---|
| Контролно поле с фиксирана дължина | 01375nam a2200325 a 4500 |
| 003 - Код на организацията, давaща контролен номер | |
| Контролно поле | BLK |
| 005 - Дата и час на последна редакция | |
| Контролно поле | 20250516144848.0 |
| 008 - Елементи от данни с фиксирана дължина | |
| fixed length control field | 180411b bul|||||r ||||||| ||bul|| |
| 020 ## - Международен стандартен номер на книга ISBN | |
| Международен стандартен номер на книга ISBN | 9786192405045 |
| 040 ## - Източник на каталожния запис | |
| Идентификатор на билиотеката - собственик на записа | BLK |
| 041 ## - Код за език | |
| Код за езика на текст/звукозапис или на отделно заглавие | Български |
| Код за езика КДБФ | Български |
| 080 ## - УДК | |
| Текстов определител УДК | Форми на предучилищно възпитание |
| УДК код - определител по УДК | 373.2 |
| УДК - код + определител | 373.2 |
| 080 ## - УДК | |
| Текстов определител УДК | Възпитание у дома. Семейно възпитание |
| УДК код - определител по УДК | 37.018.1 |
| УДК - код + определител | 37.018.1 |
| 100 ## - Редна дума - Автор | |
| Автор | Мюленем, Софи дьо |
| Авторска отговорност | първи автор |
| R(LIN) | 481531 |
| 139 ## - Редно поле | |
| Редна дума | Мюленем, Софи дьо |
| Авторски знак | Мю - М 98 |
| 245 10 - Сведения за заглавието | |
| Заглавие | Уча се да помагам |
| Редно поле (дума) | Софи дьо Мюленем ; ил. Рамона Брюно ; прев. Борис Христов. |
| 260 ## - Област на издателските данни | |
| Място на издаване, разпространение и проч. | София |
| Име на издателя, разпространителя и проч. | ПАН |
| Година на издаване | 2021 |
| 300 ## - Физическа характеристика | |
| Страници | 20 с. |
| Илюстрации и др. | с цв. ил. |
| Размери/Мащаб | 23 см |
| 380 ## - Жанр | |
| Жанр | Детска отраслова лит. |
| 490 ## - СЕРИИ (Колекции) | |
| 9 (RLIN) | 205918 |
| Име на серия | Енциклопедия за най-малките |
| 653 #7 - Ключова дума – ненормативна | |
| 9 (RLIN) | 194422 |
| Ключова дума | предучилищно възпитание |
| 653 #7 - Ключова дума – ненормативна | |
| 9 (RLIN) | 196442 |
| Ключова дума | семейно възпитание |
| 653 #7 - Ключова дума – ненормативна | |
| 9 (RLIN) | 183191 |
| Ключова дума | взаимопомощ |
| 653 #0 - Ключова дума – ненормативна | |
| 9 (RLIN) | 471119 |
| Ключова дума | детски книги |
| 700 ## - Други автори (авторска отговорност) | |
| Лично име | Брюно, Рамона |
| Автороска отговорност (Описва отношението между автора и произведението) | ил. |
| 9 (RLIN) | 481533 |
| 700 ## - Други автори (авторска отговорност) | |
| Лично име | Христов, Борис |
| Автороска отговорност (Описва отношението между автора и произведението) | прев. |
| 9 (RLIN) | 266250 |
| 852 ## - Местоположение | |
| Фондова буква | Детски отдел |
| Систематично-азбучна сигнатура | 373.2/М 98 С |
| 999 ## - СИСТЕМНИ КОНТРОЛНИ НОМЕРА | |
| Koha biblionumber | 475257 |
| Koha biblioitemnumber | 475257 |
| 942 ## - АРТИКУЛИ | |
| Вид на библиотечния материал | Книги |
| Скрит в OPAC | Не |
| Периодичен библиозапис | Да |
| Koha issues (borrowed), all copies | 44 |
| 944 ## - СЪЗДАВАНЕ И РЕДАКЦИЯ на ЗАПИСА | |
| Създаване/Редакция | Създаване |
| Дата на регистрацията/редакция | 2022-10-06 |
| Служител, извършил регистрацията/редакцията | 30551 |
| Статус, дата на статуса | Бояна Костадинова |
| Код за отписване | Код за изгубен артикул | Източник на класификационната схема | Код за повреда | Коз за рестрикции | Код за отдаване | Артикулен № | Име на библиотеката - собственик | Име на библиотеката, в която се намира в момента | Статус (Текущо местоположение) | Дата на вписване в системата | Местоположение - отдел | Цена в лева | Систематично азбучна сигнатура | Баркод | Цена в евро | Служебен тип на артикула | Инвентарен номер |
|---|---|---|---|---|---|---|---|---|---|---|---|---|---|---|---|---|---|
| Не е изгубен | Universal Decimal Classification | Не е повреден | без рестрикции | заемане за дома | 906983 | Регионална библиотека "Любен Каравелов" Русе | Регионална библиотека "Любен Каравелов" Русе | Детски отдел | 2022-10-07 | Детски отдел | 4.13 | 373.2/М 98 С | 120000878159 | 2.11 | Книги | ||
| Не е изгубен | Universal Decimal Classification | Не е повреден | без рестрикции | заемане за дома | 906984 | Регионална библиотека "Любен Каравелов" Русе | Регионална библиотека "Любен Каравелов" Русе | Детски отдел | 2022-10-07 | Детски отдел | 4.13 | 373.2/М 98 С | 120000878160 | 2.11 | Книги | ||
| Не е изгубен | Universal Decimal Classification | Не е повреден | без рестрикции | заемане за дома | 906985 | Регионална библиотека "Любен Каравелов" Русе | Регионална библиотека "Любен Каравелов" Русе | Детски отдел | 2022-10-07 | Детски отдел | 4.13 | 373.2/М 98 С | 120000878161 | 2.11 | Книги | ||
| Не е изгубен | Universal Decimal Classification | Не е повреден | само за читалня | ползва се в читалня | 928740 | Регионална библиотека "Любен Каравелов" Русе | Регионална библиотека "Любен Каравелов" Русе | Хранилище | 2023-05-16 | Хранилище | 5.50 | Цб 317997 | 120000887869 | 2.81 | Книги | 120000887869 |